Normal view
MARC view
Entry Personal Name
001 - CONTROL NUMBER
- control field: 156286
003 - CONTROL NUMBER IDENTIFIER
- control field: OSt
005 - DATE AND TIME OF LATEST TRANSACTION
- control field: 20220919111456.0
008 - FIXED-LENGTH DATA ELEMENTS
- fixed length control field: 220919|| aca||aabn | a|a d
040 ## - CATALOGING SOURCE
- Original cataloging agency: OSt
- Transcribing agency: OSt
100 ## - HEADING--PERSONAL NAME
- Personal name: व्यास, शान्तिकुमार नानूराम
670 ## - SOURCE DATA FOUND
- Source citation: Work cat.: (OSt)101351: पाण्डेय, चन्द्रशेखर; 156285, संस्कृत साहित्य की रुपरेखा, 1970
